Państwa produkujące najwięcej awokado - Statystyki

Ogólne statystyki
  • Ten quiz został rozwiązany 74 razy
  • Średni wynik to 6 z 10
Statystyki odpowiedzi
Tony Odpowiedź % Poprawnych
236 Brazylia
97%
169 Stany Zjednoczone
94%
2185 Meksyk
91%
327 Kolumbia
86%
505 Peru
79%
140 Wenezuela
73%
410 Indonezja
60%
644 Dominikana
27%
234 Kenia
16%
131 Izrael
9%
Nie znaleziono quizów pasujących do podanych kryteriów
Rozkład punktacji
Procent ludzi z każdym wynikiem
Percentyl według liczby udzielonych odpowiedzi
Twoja historia wyników
Nie rozwiązałeś tego quizu